000 00488nam a2200217Ia 4500
003 OSt
005 20221007082500.0
006 a|||||r|||| 00| 0
007 ta
008 221006b |||||||| |||| 00| 0 eng d
024 _a20,955
037 _cTextual
040 _aFLL
_cFLL
_beng
041 _2eng
_aeng
082 _aZ2,94
100 _aMonir M.
245 0 _aLaw of evidence
260 _c1979
942 _hZ2,94
_cTEXL
_2CC
999 _c1166572
_d1166572